Statistics for reign characters actors& actresses seasons 1-4

Click here to take the quiz!

General Stats

  • This quiz has been taken 13 times
  • The average score is 4 of 70

Answer Stats

Answer% Correct
Mary StuartAdelaide Kane
83%
Catherine ValoisMegan Follows
50%
Francis ValoisToby Regbo
50%
Lady LolaAnna Popplewell
33%
Lady KennaCaitlin Stacey
33%
Claude ValoisRose williams
33%
Bash De poiterTorrance Coombs
33%
Henry ValoisAlan Van Sprang
17%
Queen ElisabethRachel Skarsten
17%
Louis CondeSean Teale
17%
Greer NorwoodCelina Sinden
8%
Stephane NarcisseCraig Parker
8%
Lady AyleeJenessa Grant
8%
Leith BayardJonathon Keltz
8%
Lord DarnleyWill Kemp
8%
Olivia D'amencourtYael Grobglas
8%
DelphineAlexandra ordolis
0%
Marie De GuiseAmy Brenneman
0%
CharlotteAmy Groening
0%
LeezaAnatastia Philips
0%
Lord MontgomeryAndrew Church
0%
david rizzioAndrew Shaver
0%
Diane De poiterAnna Walton
0%
colin McPhailAshley Charles
0%
Antoine de BourbonBen Aldridge
0%
Gideon BlackburnBen Geurens
0%
Cardinal MorelBlair Williams
0%
EstelleCamille Stopps
0%
Robert DudleyCharlie Carrick
0%
Emily KnoxClaire Hunter
0%
Amy DudleyClara Pasieka
0%
Lady DonatellaCristina rosato
0%
Lord james MorayDan Jeannotte
0%
henrietteEva Preston
0%
Lord Julien VargosGiacomo Giannotti
0%
Christian de guiseGil Darnell
0%
Lord CunninghamGiles Panton
0%
RowanHannah Emily Anderson
0%
John KnoxJonathon Goad
0%
archbishop ridolfiJuan Chioran
0%
Penelopekathryn Prescott
0%
ClarissaKatie Boland
0%
SarahKaty Grabstas
0%
EduardKjartan Hewitt
0%
Martel De guiseLewis Kirk
0%
sharleneLinzee Barclay
0%
PascalLucius Hoyos
0%
Simon WestbrookLuke Roberts
0%
Jacob RivellMac Fyfe
0%
Agatha BlackBurnMacy Drouin
0%
TomasManolo Cardona
0%
Don CarlosMark Ghanime
0%
Aloysius CastleroyMichael Therriault
0%
jeffreyMorgan David Jones
0%
ChristopheNathaniel Middleton
0%
NicholasNick Lee
0%
Lady lennoxNola Augustson
0%
cardinal desjardinPascal Langdale
0%
NostradamusRossif Sutherland
0%
Yvette CastleroySarah Winter
0%
thierrySeamus Patterson
0%
Hortenza De MediciShauna Macdonald
0%
Claude De GuiseShawn Doyle
0%
BiancaSofia Banzhaf
0%
Charles valoisSpencer MacPherson
0%
BonnayStephen McGrath
0%
Lord HugoTed Atherton
0%
williamTom Everette Scott
0%
general reanudeVince Nappo
0%
Lord AkersVincent Gale
0%

Score Distribution

Percentile by Number Answered

Percent of People with Each Score

Your Score History

You have not taken this quiz